[Event "Reykjavik op"]
[Site "Reykjavik"]
[Date "2016.03.15"]
[Round "9"]
[White "Hauksson, Hordur Aron"]
[Black "Thorsteinsdottir, Gudlaug"]
[Result "0-1"]
[WhiteElo "1873"]
[BlackElo "2047"]
[PlyCount "88"]
[EventDate "2016.03.08"]
[EventType "swiss"]
[EventRounds "10"]
[EventCountry "ISL"]
[SourceTitle "CBM 171 Extra"]
[Source "ChessBase"]
[SourceDate "2016.04.26"]
[SourceVersion "1"]
[SourceVersionDate "2016.04.26"]
[SourceQuality "1"]

1. d4 d5 2. c4 c6 3. Nf3 Nf6 4. Qc2 g6 5. e3 Bg7 6. Nc3 0-0 7. Bd3 Nbd7 8. 0-0 dxc4 9. Bxc4 b5 10. Bd3 Bb7 11. Ne4 Nxe4 12. Bxe4 Rc8 13. b4 a5 14. a3 Qc7 15. Bb2 Nf6 16. Bd3 Nd5 17. Rfc1 axb4 18. e4 bxa3 19. Bxa3 b4 20. exd5 bxa3 21. Be4 Bh6 22. dxc6 Bxc1 23. Rxc1 Qa5 24. Qa2 Qa4 25. h4 Bxc6 26. Bxc6 Rxc6 27. Rxc6 Qxc6 28. Qxa3 Qe4 29. Qe3 Qxe3 30. fxe3 f6 31. g4 Kf7 32. Kf2 Ke6 33. Nd2 Kd5 34. Kf3 e5 35. dxe5 fxe5+ 36. Kg3 Ra8 37. Kf3 e4+ 38. Kf4 h6 39. g5 h5 40. Kg3 Ra2 41. Nf1 Kc4 42. Kh3 Kd3 43. Kg3 Re2 44. Kh3 Rxe3+ 0-1

[Event "Sweden-Iceland m U20"]
[Site "Uppsala"]
[Date "2015.10.04"]
[Round "3.4"]
[White "Hauksson, Hordur Aron"]
[Black "Berglind, Axel"]
[Result "0-1"]
[WhiteElo "1925"]
[BlackElo "2078"]
[PlyCount "90"]
[EventDate "2015.10.03"]
[EventType "match"]
[EventRounds "4"]
[EventCountry "SWE"]
[SourceTitle "CBM 169 Extra"]
[Source "ChessBase"]
[SourceDate "2015.12.18"]
[SourceVersion "1"]
[SourceVersionDate "2015.12.18"]
[SourceQuality "1"]

1. d4 d5 2. c4 e6 3. Nc3 Nf6 4. Nf3 c6 5. Bg5 h6 6. Bxf6 Qxf6 7. e3 Nd7 8. Qc2 g6 9. Rc1 Bg7 10. cxd5 exd5 11. Bd3 0-0 12. 0-0 Nb6 13. a4 Be6 14. Ne5 Nd7 15. f4 Nxe5 16. fxe5 Qg5 17. Rce1 c5 18. b3 Rac8 19. Qb2 cxd4 20. exd4 h5 21. Kh1 Bh6 22. Nb5 a6 23. Nd6 Rc7 24. b4 Qd2 25. Qb1 Kg7 26. b5 axb5 27. Nxb5 Rc6 28. Re2 Qg5 29. Nd6 b6 30. Ref2 Qe3 31. Bxg6 Qxf2 32. Rxf2 fxg6 33. Ne8+ Rxe8 34. Rf1 Rec8 35. Qb4 Rc1 36. Qe7+ Kh8 37. Qf6+ Bg7 38. Qf4 Rxf1+ 39. Qxf1 Rc4 40. Kg1 Rxd4 41. Qb5 Bf5 42. Qxb6 Bxe5 43. Qd8+ Kh7 44. Qe7+ Bg7 45. a5 Rd1+ 0-1

[Event "Reykjavik op"]
[Site "Reykjavik"]
[Date "2015.03.12"]
[Round "4"]
[White "Foisor, Sabina Francesca"]
[Black "Hauksson, Hordur Aron"]
[Result "1/2-1/2"]
[WhiteElo "2279"]
[BlackElo "1853"]
[PlyCount "159"]
[EventDate "2015.03.10"]
[EventType "swiss"]
[EventRounds "10"]
[EventCountry "ISL"]
[SourceTitle "CBM 165 Extra"]
[Source "ChessBase"]
[SourceDate "2015.04.21"]
[SourceVersion "1"]
[SourceVersionDate "2015.04.21"]
[SourceQuality "1"]

1. d4 Nf6 2. c4 e6 3. Nc3 Bb4 4. Qc2 d5 5. Nf3 0-0 6. Bg5 b6 7. cxd5 exd5 8. e3 h6 9. Bh4 c5 10. Bd3 Ba6 11. dxc5 Bxd3 12. Qxd3 bxc5 13. 0-0 Bxc3 14. Qxc3 Nbd7 15. Rfd1 Qb6 16. Ne5 d4 17. Nxd7 dxc3 18. Nxb6 cxb2 19. Nxa8 bxa1Q 20. Rxa1 Rxa8 21. Bxf6 gxf6 22. Rc1 Rb8 23. Kf1 Rb5 24. Rc2 Kf8 25. Ke2 Ke7 26. Rd2 Ke6 27. Kd1 Ra5 28. Kc1 Ra6 29. Kb2 Rb6+ 30. Kc3 Rb1 31. h4 f5 32. g3 Rc1+ 33. Kb2 Rf1 34. Kc2 Ra1 35. Kb3 Rc1 36. h5 Rb1+ 37. Kc3 Rc1+ 38. Kb3 Rb1+ 39. Kc2 Ra1 40. Kd3 Kd5 41. Rc2 Rb1 42. Ke2 Rb4 43. Kf3 Ra4 44. Rd2+ Ke5 45. Ke2 Ra3 46. Kd1 c4 47. Rc2 c3 48. Ke2 Kf6 49. Kd3 Kg5 50. Kc4 a5 51. f3 Kxh5 52. Kd5 Kg5 53. Ke5 h5 54. e4 fxe4 55. Kxe4 f6 56. Kd4 h4 57. f4+ Kg4 58. gxh4 Kxh4 59. Ke4 Kg4 60. Rg2+ Kh3 61. Rc2 Kg3 62. f5 Ra4+ 63. Kd5 Kf4 64. Rxc3 Kxf5 65. a3 Kg4 66. Kc6 Re4 67. Kd5 f5 68. Rc1 Re3 69. Rc4+ f4 70. Ra4 Kg3 71. Kd4 Re8 72. Rxa5 f3 73. Rg5+ Kf2 74. a4 Ke2 75. Kc5 Rf8 76. a5 f2 77. Rg2 Kf3 78. Rxf2+ Kxf2 79. a6 Rf6 80. Kb5 1/2-1/2

[Event "ISL-ch sf"]
[Site "Kopavogur"]
[Date "2014.06.01"]
[Round "9"]
[White "Hauksson, Hordur Aron"]
[Black "Birgisson, Ingvar Orn"]
[Result "1-0"]
[WhiteElo "1779"]
[BlackElo "1884"]
[PlyCount "103"]
[EventDate "2014.05.23"]
[EventType "swiss"]
[EventRounds "9"]
[EventCountry "ISL"]
[SourceTitle "CBM 160 Extra"]
[Source "ChessBase"]
[SourceDate "2014.07.01"]
[SourceVersion "1"]
[SourceVersionDate "2014.07.01"]
[SourceQuality "1"]

1. d4 d5 2. c4 c6 3. Nc3 Nf6 4. Nf3 e6 5. Bg5 Nbd7 6. e3 Qa5 7. Qc2 Bb4 8. Nd2 dxc4 9. Bxf6 Nxf6 10. Nxc4 Qd5 11. f3 0-0 12. Bd3 g6 13. 0-0 Qd8 14. Rad1 Bxc3 15. bxc3 Qc7 16. f4 c5 17. Ne5 cxd4 18. exd4 Nd5 19. Rf3 b6 20. Be4 Bb7 21. h4 Nf6 22. Bxb7 Qxb7 23. Rdf1 Qe4 24. Qf2 Qf5 25. Rh3 h5 26. Qe2 Rac8 27. Rg3 Ne4 28. Rg5 Nxc3 29. Qxh5 Kg7 30. Rxf5 gxh5 31. Rxh5 Ne2+ 32. Kh2 f6 33. Ng4 Nxd4 34. Ne3 Rc3 35. Rd1 Kg6 36. Rxd4 Kxh5 37. Re4 Rc6 38. Kh3 f5 39. Re5 Kg6 40. g4 fxg4+ 41. Kxg4 Rf6 42. h5+ Kh6 43. f5 a5 44. a4 Rd6 45. Kg3 Rc6 46. Ng4+ Kg7 47. Nxf6 Kxf6 48. Rxe6+ Rxe6 49. fxe6 Kxe6 50. Kf3 b5 51. h6 Kf6 52. axb5 1-0

[Event "Reykjavik op"]
[Site "Reykjavik"]
[Date "2014.03.05"]
[Round "3"]
[White "Wengler, Joerg"]
[Black "Hauksson, Hordur Aron"]
[Result "1/2-1/2"]
[WhiteElo "2080"]
[BlackElo "1756"]
[PlyCount "50"]
[EventDate "2014.03.04"]
[EventType "swiss"]
[EventRounds "10"]
[EventCountry "ISL"]
[SourceTitle "CBM 159 Extra"]
[Source "ChessBase"]
[SourceDate "2014.04.24"]
[SourceVersion "1"]
[SourceVersionDate "2014.04.24"]
[SourceQuality "1"]

1. e4 c5 2. Nc3 d6 3. f4 Nf6 4. Nf3 Nc6 5. Bc4 g6 6. d3 Bg7 7. 0-0 0-0 8. a3 Rb8 9. a4 Bg4 10. h3 Bxf3 11. Qxf3 Nd4 12. Qf2 a6 13. Be3 b5 14. axb5 axb5 15. Ba2 b4 16. Nd1 Nd7 17. c3 bxc3 18. bxc3 Nb5 19. Rc1 Qa5 20. d4 cxd4 21. cxd4 Nxd4 22. Bxd4 Bxd4 23. Bxf7+ Rxf7 24. Qxd4 Qb6 25. Qxb6 Rxb6 1/2-1/2

[Event "ISL-chT 1011"]
[Site "Reykjavik"]
[Date "2011.03.05"]
[Round "7.4"]
[White "Nieves, Kamalakanta Ivan"]
[Black "Hauksson, Hordur Aron"]
[Result "1/2-1/2"]
[WhiteElo "2186"]
[BlackElo "1719"]
[PlyCount "49"]
[EventDate "2010.10.08"]
[EventType "team-tourn"]
[EventRounds "9"]
[EventCountry "ISL"]
[SourceTitle "EXT 2012"]
[Source "ChessBase"]
[SourceDate "2011.11.24"]
[SourceVersion "1"]
[SourceVersionDate "2011.11.24"]
[SourceQuality "1"]
[WhiteTeam "TR"]
[BlackTeam "Fjolnir"]
[WhiteTeamCountry "ISL"]
[BlackTeamCountry "ISL"]

1. Nf3 d5 2. g3 g6 3. Bg2 Bg7 4. 0-0 Nf6 5. d3 0-0 6. c3 c6 7. Nbd2 Nbd7 8. Qc2 Re8 9. e4 dxe4 10. Nxe4 Nxe4 11. dxe4 e5 12. Be3 Qe7 13. Rae1 Nb6 14. b3 f5 15. Nd2 fxe4 16. Nxe4 Bf5 17. c4 Rad8 18. Qc1 Bxe4 19. Bxe4 Nd7 20. Qc2 Nc5 21. Bc1 Nxe4 22. Rxe4 Rd4 23. Bb2 Rxe4 24. Qxe4 Qc5 25. Re1 1/2-1/2

[Event "ISL-chT 1011"]
[Site "Reykjavik"]
[Date "2011.03.04"]
[Round "5.3"]
[White "Hauksson, Hordur Aron"]
[Black "Jonsson, Olafur Gisli"]
[Result "1/2-1/2"]
[WhiteElo "1719"]
[BlackElo "1891"]
[PlyCount "91"]
[EventDate "2010.10.08"]
[EventType "team-tourn"]
[EventRounds "9"]
[EventCountry "ISL"]
[SourceTitle "EXT 2012"]
[Source "ChessBase"]
[SourceDate "2011.11.24"]
[SourceVersion "1"]
[SourceVersionDate "2011.11.24"]
[SourceQuality "1"]
[WhiteTeam "Fjolnir"]
[BlackTeam "KR CC"]
[WhiteTeamCountry "ISL"]
[BlackTeamCountry "ISL"]

1. d4 Nf6 2. c4 e6 3. Nc3 d5 4. Nf3 c5 5. cxd5 exd5 6. Bg5 Be6 7. e3 Nbd7 8. Bd3 Be7 9. 0-0 0-0 10. Rc1 Rc8 11. Bb1 Re8 12. Qd3 c4 13. Qc2 g6 14. Qe2 a6 15. a4 Qa5 16. Ne5 b5 17. axb5 axb5 18. f4 b4 19. Nd1 Ne4 20. Bxe4 Nxe5 21. Bb1 Nd3 22. Bxd3 cxd3 23. Qd2 Rxc1 24. Qxc1 Rc8 25. Qd2 Bxg5 26. fxg5 Qb5 27. Qf2 Rc2 28. Qf6 Qd7 29. Qe5 Bf5 30. Qb8+ Kg7 31. Qe5+ Kg8 32. Qb8+ Qc8 33. Qxb4 Be4 34. Nf2 Kg7 35. h4 Qc7 36. Nxe4 dxe4 37. d5 Qe5 38. Qb7 Rc7 39. Qb8 Qg3 40. Qb6 Qe5 41. b4 d2 42. Qb8 Qe7 43. Qb6 Qe5 44. Qb8 Qe7 45. Qb6 Qe5 46. Qb8 1/2-1/2

[Event "Akureyri-ch U20"]
[Site "Akureyri"]
[Date "2009.05.01"]
[Round "3"]
[White "Andrason, Pall Snaedal"]
[Black "Hauksson, Hordur Aron"]
[Result "1/2-1/2"]
[WhiteElo "1575"]
[BlackElo "1700"]
[PlyCount "119"]
[EventDate "2009.04.30"]
[EventType "swiss"]
[EventRounds "4"]
[EventCountry "ISL"]
[SourceTitle "EXT 2010"]
[Source "ChessBase"]
[SourceDate "2010.11.25"]
[SourceVersion "1"]
[SourceVersionDate "2010.11.25"]
[SourceQuality "1"]

1. d4 Nf6 2. Bg5 e6 3. Nf3 d5 4. e3 Nbd7 5. Bd3 Be7 6. a3 0-0 7. Nbd2 h6 8. Bf4 c5 9. c3 Re8 10. 0-0 b6 11. Bb5 Bb7 12. Ne5 a6 13. Bc6 Qc8 14. Bxb7 Qxb7 15. Nxd7 Nxd7 16. Qe2 Rac8 17. Nb3 Bf6 18. Rac1 Rc6 19. Rc2 e5 20. dxe5 Bxe5 21. Bxe5 Nxe5 22. Rd1 Rg6 23. f3 Nc4 24. Rd3 Rge6 25. Qf2 Nxe3 26. Re2 Nf5 27. Rxe6 Rxe6 28. g4 Nd6 29. Re3 Qe7 30. Rxe6 Qxe6 31. a4 d4 32. Qc2 Qe3+ 33. Kg2 d3 34. Qd2 Qxd2+ 35. Nxd2 c4 36. Kf2 Kf8 37. Ke3 Ke7 38. Kd4 Ke6 39. h3 g6 40. f4 f5 41. gxf5+ gxf5 42. Nf1 b5 43. axb5 axb5 44. Kc5 h5 45. h4 Kd7 46. Kb6 Ne4 47. Kxb5 d2 48. Ne3 Nf2 49. Kxc4 d1Q 50. Nxd1 Nxd1 51. b4 Kd6 52. Kd4 Nf2 53. c4 Nh3 54. c5+ Ke6 55. c6 Nxf4 56. c7 Kd7 57. c8Q+ Kxc8 58. Ke5 Ng6+ 59. Kxf5 Nxh4+ 60. Kg5 1/2-1/2

[Event "Akureyri-ch U20"]
[Site "Akureyri"]
[Date "2009.05.01"]
[Round "4"]
[White "Hauksson, Hordur Aron"]
[Black "Johannsdottir, Johanna Bjorg"]
[Result "0-1"]
[WhiteElo "1700"]
[BlackElo "1710"]
[PlyCount "60"]
[EventDate "2009.04.30"]
[EventType "swiss"]
[EventRounds "4"]
[EventCountry "ISL"]
[SourceTitle "EXT 2010"]
[Source "ChessBase"]
[SourceDate "2010.11.25"]
[SourceVersion "1"]
[SourceVersionDate "2010.11.25"]
[SourceQuality "1"]

1. d4 d5 2. c4 c6 3. Nc3 Nf6 4. Nf3 e6 5. Bg5 Bb4 6. e3 Qa5 7. Qc2 Ne4 8. Rc1 Nxg5 9. Nxg5 dxc4 10. Nge4 b5 11. a3 Be7 12. Be2 0-0 13. 0-0 Nd7 14. a4 Bb7 15. f4 a6 16. Rf3 f5 17. Rh3 fxe4 18. Qxe4 Nf6 19. Qxe6+ Rf7 20. Ne4 Qc7 21. Ng5 Raf8 22. Nxf7 Rxf7 23. Qe5 Bd6 24. Qg5 Bc8 25. Rg3 Ne4 26. Qh4 Nxg3 27. hxg3 Re7 28. Kf2 c5 29. Rh1 g6 30. Bf3 cxd4 0-1

[Event "Akureyri-ch U20"]
[Site "Akureyri"]
[Date "2009.04.30"]
[Round "1"]
[White "Karlsson, Mikael Johann"]
[Black "Hauksson, Hordur Aron"]
[Result "1-0"]
[WhiteElo "1505"]
[BlackElo "1700"]
[PlyCount "81"]
[EventDate "2009.04.30"]
[EventType "swiss"]
[EventRounds "4"]
[EventCountry "ISL"]
[SourceTitle "EXT 2010"]
[Source "ChessBase"]
[SourceDate "2010.11.25"]
[SourceVersion "1"]
[SourceVersionDate "2010.11.25"]
[SourceQuality "1"]

1. c4 c5 2. g3 Nc6 3. Nc3 g6 4. Bg2 Bg7 5. e3 e6 6. Nge2 Nge7 7. 0-0 0-0 8. d4 cxd4 9. exd4 d5 10. cxd5 exd5 11. Bg5 Be6 12. Qd2 Qd7 13. Rfe1 Rac8 14. Bh6 Rfe8 15. Bxg7 Kxg7 16. Rac1 Bh3 17. Bh1 h5 18. Nf4 h4 19. Nxh3 Qxh3 20. Bg2 Qd7 21. Ne2 Rh8 22. Nf4 hxg3 23. fxg3 Rcd8 24. a3 a5 25. b4 axb4 26. axb4 Na7 27. Re5 Nac6 28. Ree1 Qd6 29. b5 Na7 30. Qb2 Nac8 31. Re5 Nb6 32. Rce1 Nc4 33. Qc3 Nxe5 34. dxe5 Qb6+ 35. Kh1 d4 36. Qd3 Nf5 37. e6 Rhe8 38. Bd5 Qc5 39. Bc4 Ne3 40. exf7 Re7 41. Qxg6+ 1-0

[Event "Reykjavik TR-chD"]
[Site "Reykjavik"]
[Date "2008.11.12"]
[Round "8"]
[White "Hauksson, Hordur Aron"]
[Black "Palsson, Svanberg Mar"]
[Result "1-0"]
[WhiteElo "1725"]
[BlackElo "1751"]
[PlyCount "53"]
[EventDate "2008.10.26"]
[EventType "tourn"]
[EventRounds "9"]
[EventCountry "ISL"]
[SourceTitle "EXT 2010"]
[Source "ChessBase"]
[SourceDate "2010.11.25"]
[SourceVersion "1"]
[SourceVersionDate "2010.11.25"]
[SourceQuality "1"]

1. d4 Nf6 2. c4 d6 3. Nc3 g6 4. e4 Bg7 5. f3 0-0 6. Be3 e5 7. d5 Nh5 8. Nge2 f5 9. exf5 gxf5 10. Qd2 c5 11. dxc6 bxc6 12. 0-0-0 Be6 13. Ng3 Nxg3 14. hxg3 d5 15. cxd5 cxd5 16. Nxd5 Bxd5 17. Qxd5+ Qxd5 18. Rxd5 Nc6 19. Bc4 Kh8 20. Bh6 Rfd8 21. Rc5 Rac8 22. Be6 Rc7 23. Bxf5 Rd6 24. Bxg7+ Rxg7 25. Be4 Ne7 26. Rxe5 Ng8 27. Rc5 1-0

[Event "Reykjavik Hellir CC-ch"]
[Site "Reykjavik"]
[Date "2008.02.??"]
[Round "4"]
[White "Sigurdsson, Pall"]
[Black "Hauksson, Hordur Aron"]
[Result "1/2-1/2"]
[WhiteElo "1870"]
[BlackElo "1500"]
[PlyCount "91"]
[EventDate "2008.02.??"]
[EventType "swiss"]
[EventRounds "7"]
[EventCountry "ISL"]
[SourceTitle "EXT 2010"]
[Source "ChessBase"]
[SourceDate "2010.11.25"]
[SourceVersion "1"]
[SourceVersionDate "2010.11.25"]
[SourceQuality "1"]

1. e4 c5 2. Nc3 d6 3. g3 Nf6 4. Bg2 a6 5. d3 e6 6. f4 Nbd7 7. Nf3 Be7 8. 0-0 Qc7 9. Be3 0-0 10. Nh4 Re8 11. f5 Ne5 12. h3 exf5 13. exf5 Bd7 14. Nf3 Nxf3+ 15. Qxf3 Bc6 16. Qf2 d5 17. Bf4 Bd6 18. g4 d4 19. Bxd6 Qxd6 20. Bxc6 Qxc6 21. g5 dxc3 22. gxf6 Qxf6 23. bxc3 Qxc3 24. f6 Qd4 25. fxg7 Re2 26. Qxd4 cxd4 27. Rab1 b5 28. Rb4 Rc8 29. Rxd4 Rcxc2 30. Rg4 Rxa2 31. d4 Re6 32. Rxf7 Rg6 33. Rb7 Rd2 34. Rxg6 hxg6 35. Rb6 Kxg7 36. Rxa6 Rxd4 37. Kg2 b4 38. Rb6 Rd2+ 39. Kg3 Rb2 40. h4 Rb1 41. Kg2 b3 42. Kh2 Kh6 43. Rb5 Rb2+ 44. Kg3 Rb1 45. Kg2 b2 46. Kh2 1/2-1/2